Statistics for QS US University Rankings

Click here to take the quiz!

General Stats

  • This quiz has been taken 257 times
  • The average score is 17 of 25

Answer Stats

World RankingUniversity% Correct
3Harvard
100%
1MIT
96%
7Yale
96%
9Princeton
93%
31UCLA
90%
15Stanford
86%
42Brown
85%
11Columbia
84%
8Chicago
77%
14Cornell
77%
17Michigan
76%
43New York
73%
22Berkeley
72%
10Caltech
70%
20Duke
69%
27Northwestern
62%
68Texas
59%
12Pennsylvania
58%
59Washington
58%
16Johns Hopkins
53%
64Boston
50%
57North Carolina
42%
38Wisconsin
42%
49Carnegie Mellon
33%
56Illinois
32%

Score Distribution

Percentile by Number Answered

Percent of People with Each Score

Your Score History

You have not taken this quiz